| 000 | 00548cam a2200193 i 4500 | ||
|---|---|---|---|
| 005 | 20260406110643.0 | ||
| 008 | 250721s1991 xxk gr 000 f eng d | ||
| 020 | _a1857150384 | ||
| 041 |
_afre _heng |
||
| 082 | 1 | 4 |
_aF _bS t e |
| 245 | 0 | 0 |
_aScarlet and black / _cC.K. Scott Moncrief |
| 264 | 3 | 1 |
_aLondon : _bDavid Campbell publishers Ltd, _c1991. |
| 300 | _a576 page. | ||
| 490 | 0 |
_aEveryman's library : 38 _v38 |
|
| 650 | 1 | 7 | _aEnglish Fiction. |
| 700 | 1 |
_aMoncrieff, Scott C.K _etranslated by |
|
| 942 |
_2ddc _cBK |
||
| 999 |
_c45207 _d45207 |
||